Cuatrocientos setenta y cuatro años del escudo de Chiapas /

Shranjeno v:
Bibliografske podrobnosti
Glavni avtor: Morales Grajales, Leonel Antonio (autor)
Korporativna značnica: Chiapas. Congreso del Estado
Drugi avtorji: Domínguez Castellanos, Roberto (presentación) (presentación)
Format: Knjiga
Jezik:španščina
Izdano: Tuxtla Gutiérrez, México : Universidad de Ciencias y Artes de Chiapas, 2009, c2009
Izdaja:2a edición
Serija:(Hacia el Bicentenario de la Federación de Chiapas a México y Centenario de la Revolución en Chiapas)
Teme:
Oznake: Označite
Brez oznak, prvi označite!

MARC

LEADER 00000nam^a2200000^a^4500
001 000313959
005 20250521000000.0
008 110527 20092009
009 20260310113200.825
037 |a Acervo ITESO - Biblioteca 
041 |a ESP 
082 |a 929. 92097275  |b MOR 
100 |a Morales Grajales, Leonel Antonio  |e (autor) 
245 1 0 |a Cuatrocientos setenta y cuatro años del escudo de Chiapas /  |c L.A. Morales Grajales ; presen. de R. Domínguez Castellanos. 
250 |a 2a edición 
264 4 |a Tuxtla Gutiérrez, México :  |b Universidad de Ciencias y Artes de Chiapas,  |c 2009, c2009 
300 |a 59 p. 
336 |a texto  |b txt  |2 rdacontenido 
337 |a sin mediación  |b n  |2 rdamedio 
338 |a volumen  |b nc  |2 rdasoporte 
440 1 |a (Hacia el Bicentenario de la Federación de Chiapas a México y Centenario de la Revolución en Chiapas) 
649 |a XX 
650 |a Escudos -  |z Chiapas -  |x Tema Principal 
650 |a Escudos -  |z México 
650 |a Emblemas Nacionales -  |z Chiapas 
650 |a Emblemas Nacionales -  |z México 
650 |a Identidad Cultural -  |z Chiapas 
650 |a Identidad Cultural -  |z México 
650 |a Chiapas -  |x Historia -  |x Tema Principal 
650 |a México -  |x Historia 
710 |a Chiapas.  |b Congreso del Estado 
700 |a Domínguez Castellanos, Roberto  |e (presentación) 
910 |a Fondo General 
920 |a Impresos - Libros 
930 |a Colección General 
905 |a 101 
901 |a 0500200503  |b IT1  |c ACC  |i C126766  |u 20250521 
902 |a https://opac.biblio.iteso.mx/vufind/Record/000313959